1615 1697 1343 1606 1206 1523 1704 1015 1426 1119 1776 1721 1115 1489 1970 1866 1623 1430 1155 1424 1362 1757 1684 1944 1022 1800 1167 1131 1518 1655 1579 1072 1083 1167 1539 1601 1539 1967 1129 1332 1974 1951 1652 1424 1702 1657 1600 1481 1231 1922 1239 1671 1880 1000 1548 1161 1464 1663 1192 1285 1166 1174 1672 1449 1303 1674 1894 1322 1983 1783 1656 1051 1054 1235 1802 1141 1463 1734 1971 1038 1554 1818 1057 1220 1462 1570 1946 1237 1336 1248 1994 1104 1705 1592 1021 1950 1344 1022 1907 BCNSPRNW ULIB Ver.6.0+V

เปลี่ยนเป็นภาษาไทย

Change to English
 แสดงรายละเอียดบรรณานุกรม
  กลับหน้าหลัก

Brief Record : Get Marc (ISO 2709) : E-mail record : QR code < ปิดหน้าต่าง
LEADER : 00000nam 2200000uu 4500
001    13399110591
003     ULIB
008    110603s2550||||th 000 0 tha d
020    9789749457795
050  4 BF723.C5^bด915ส 2550
100 1  เดอ โบโน, เอ็ดเวิร์ด,^dค.ศ. 1933-
245 10 สอนเด็กให้คิดเป็น =^bTeach your child how to think /^cโดยEdward de Bono ; แปลและเรียบเรียงโดย อรอุมา ราชคฤค์
246 31 Teach your child how to think
250    พิมพ์ครั้งที่ 2
260    กรุงเทพฯ :^bเอ็กซเปอร์เน็ท,^c2550
300    458 หน้า :^bภาพประกอบ ;^c21 ซม.
650  7 การรู้คิดในเด็ก
650  7 ความคิดและการคิด
650  7 ทักษะทางการคิด
700 0  อรอุมา ราชคฤค์,^eผู้แปล
700 12 De Bono, Edward.,^d1933- .^tTeach your child how to think
945    ^p350^l0^i18222
995    เกษร
999    ^aใช้งานได้ทุกระบบ
รายการนี้ยังไม่มีแท็ก
คุณยังไม่ได้ล็อกอิน คุณสามารถมีกิจกรรมร่วมกับเว็บไซต์ได้ แต่ต้องล็อกอินก่อน ::
  ล็อกอิน

รายการสื่อสารสนเทศ

ลำดับที่ ประเภท เลขเรียก/บาร์โค้ด สถานที่ สถานะ
- ไม่พบข้อมูล -

รายการใกล้เคียง
    หัวเรื่อง [การรู้คิดในเด็ก]
    หัวเรื่อง [ความคิดและการคิด]
    หัวเรื่อง [ทักษะทางการคิด]

BibComment


ยังไม่เคยถูกคอมเมนท์

คอมเมนท์ทรัพยากรรายการนี้
  คอมเมนท์: สอนเด็กให้คิดเป็น..


 Copyright 2026. Bcnsprnw @Library